Access to kidney transplantation for patients with end-stage renal failure in the Maghreb countries: State of the art and recommendations (notice n° 1613538)

détails MARC
000 -LEADER
fixed length control field 02155cam a2200349 4500500
005 - DATE AND TIME OF LATEST TRANSACTION
control field 20260111052915.0
041 ## - LANGUAGE CODE
Language code of text/sound track or separate title fre
042 ## - AUTHENTICATION CODE
Authentication code dc
100 10 - MAIN ENTRY--PERSONAL NAME
Personal name Macher, Marie-Alice
Relator term author
245 00 - TITLE STATEMENT
Title Access to kidney transplantation for patients with end-stage renal failure in the Maghreb countries: State of the art and recommendations
260 ## - PUBLICATION, DISTRIBUTION, ETC.
Date of publication, distribution, etc. 2024.<br/>
500 ## - GENERAL NOTE
General note 66
520 ## - SUMMARY, ETC.
Summary, etc. We present an overview of kidney transplantation activity in the Maghreb countries, based on data from the 9th France-Maghreb Symposium (Paris, May 20 and 21, 2022). For Algeria, Morocco, and Tunisia, the incidence of end-stage renal failure is 120, 130, and 130 per million inhabitants, respectively. Its prevalence is 626, 900, and 833 per million inhabitants, and the percentage of patients with a functional graft is 10.3%, 1.8%, and 8.5%, with an annual number of transplants of 6.5, 0.8, and 8.7 per million inhabitants. Living donor transplants account for 99% of transplants in Algeria, 93% in Morocco, and 80% in Tunisia. In conclusion, access to transplantation remains low in the Maghreb countries, and all the modalities (living donor transplants, with an expanded donor pool, and deceased donor transplants) must be further developed. Recommendations have been issued to this end.
700 10 - ADDED ENTRY--PERSONAL NAME
Personal name Mongi Bacha, Mohamed
Relator term author
700 10 - ADDED ENTRY--PERSONAL NAME
Personal name Soualmia, Amel
Relator term author
700 10 - ADDED ENTRY--PERSONAL NAME
Personal name Laouad, Inass
Relator term author
700 10 - ADDED ENTRY--PERSONAL NAME
Personal name Sfar, Imen
Relator term author
700 10 - ADDED ENTRY--PERSONAL NAME
Personal name Jacquelinet, Christian
Relator term author
700 10 - ADDED ENTRY--PERSONAL NAME
Personal name Meçabih, Fateh
Relator term author
700 10 - ADDED ENTRY--PERSONAL NAME
Personal name Younous, Said
Relator term author
700 10 - ADDED ENTRY--PERSONAL NAME
Personal name Bayar, Rached
Relator term author
700 10 - ADDED ENTRY--PERSONAL NAME
Personal name Ziadi, Jalel
Relator term author
700 10 - ADDED ENTRY--PERSONAL NAME
Personal name El Kader Nebab, Abed
Relator term author
700 10 - ADDED ENTRY--PERSONAL NAME
Personal name Barry, Naïma
Relator term author
700 10 - ADDED ENTRY--PERSONAL NAME
Personal name Nouvellon, Hélène
Relator term author
700 10 - ADDED ENTRY--PERSONAL NAME
Personal name Gozzerino, Agathe
Relator term author
700 10 - ADDED ENTRY--PERSONAL NAME
Personal name Durin, Laurent
Relator term author
700 10 - ADDED ENTRY--PERSONAL NAME
Personal name Ben Abdallah, Taieb
Relator term author
700 10 - ADDED ENTRY--PERSONAL NAME
Personal name Tsimaratos, Michel
Relator term author
786 0# - DATA SOURCE ENTRY
Note Néphrologie & Thérapeutique | Volume 20 | 1 | 2024-01-01 | p. 30-40 | 1769-7255
856 41 - ELECTRONIC LOCATION AND ACCESS
Uniform Resource Identifier <a href="https://stm.cairn.info/journal-nephrologie-therapeutique-2024-1-page-30?lang=en&redirect-ssocas=7080">https://stm.cairn.info/journal-nephrologie-therapeutique-2024-1-page-30?lang=en&redirect-ssocas=7080</a>

Pas d'exemplaire disponible.

PLUDOC

PLUDOC est la plateforme unique et centralisée de gestion des bibliothèques physiques et numériques de Guinée administré par le CEDUST. Elle est la plus grande base de données de ressources documentaires pour les Étudiants, Enseignants chercheurs et Chercheurs de Guinée.

Adresse

627 919 101/664 919 101

25 boulevard du commerce
Kaloum, Conakry, Guinée

Réseaux sociaux

Powered by Netsen Group @ 2025